| 000 | 00372nam a2200145Ia 4500 | ||
|---|---|---|---|
| 008 | 231011s9999 xx 000 0 und d | ||
| 041 | _aeng | ||
| 082 | _a658.3 | ||
| 100 | _aSharan,S.B. | ||
| 245 | _aHuman Resource Management [Sharan] | ||
| 250 | _a1st | ||
| 260 |
_bShroff Publishers & Distributers Navi Mumbai Navi Mumbai _c2015 |
||
| 300 | _a235+7 | ||
| 365 | _b300 | ||
| 999 |
_c908318 _d908318 |
||